| 000 | 00678nam a2200217 a 4500 | ||
|---|---|---|---|
| 005 | 20240214063631.0 | ||
| 008 | 030901s1987 ag 000 0 spa d | ||
| 020 | _a9501506169 | ||
| 035 | _aUPN01000128322 | ||
| 049 | _aCG | ||
| 050 | 4 |
_aPS3591 U4.4 _bA8.2 |
|
| 100 | 1 |
_aAuel, Jean M., _d1936- _930449 |
|
| 245 | 1 | 4 |
_aLos cazadores del mamut / _cJean M. Auel ; tr. Edith Zilli. |
| 260 |
_aBuenos Aires : _bJavier Vergara, _c1987. |
||
| 300 | _a520 p. | ||
| 534 |
_pTraducción de: _tThe mammoth hunters |
||
| 650 | 4 |
_aHombre prehistórico _vNovela _94080 |
|
| 650 | 2 |
_aAyla (Personaje Ficticio) _vNovela _94268 |
|
| 650 | 0 |
_aÉpoca Glacial _vNovela _915063 |
|
| 905 | _aLibro | ||
| 999 |
_c100501 _d100501 |
||